| 000 | 00611cab a2200193 4500 | ||
|---|---|---|---|
| 001 | WB2329-34 | ||
| 008 | 090401t1987 xxu||||| |||| 00| 0 eng d | ||
| 035 | _a(Sirsi) u49711 | ||
| 041 | _aeng | ||
| 245 | _aLimited or unlimited | ||
| 260 | _c1987 | ||
| 350 | _a0 | ||
| 490 |
_aChartered Surveyor Weekly _vvol 20 no 4 23/7/87 p57 |
||
| 520 | _aOutlines the rules which apply to RICS members as directors of limited or unlimited companies practising as surveyors. | ||
| 650 | _aRICS RULES OF CONDUCT | ||
| 690 | _aMANAGEMENT-BUSINESS MANAGEMENT-PROFESSIONAL PRACTICE | ||
| 942 | _n0 | ||
| 948 | _c04/03/1997 | ||
| 999 |
_c31123 _d31123 |
||